LEADER 00803nam a2200193 i 4500 001 000000073274 003 CaOOAMICUS 005 20120720000000.0 008 120720s1850 it u000 u ita u 013 $a44446 040 $aSeMil$bita 100 1 $aPestalozza, Alessandro <1807-1871>.$0(OLS)http://semarc/name/2791 245 13$aLe postille di un anonimo :$bsaggio di osservazioni /$cper Alessandro Pestalozza. 260 $aMilano :$bCoi tipi di Giuseppe Redaelli,$c1850. 300 $a194 p. ;$c24 cm. 850 $aSeMil 852 $aSeMil$W1$xVenegono$y1$m2Q V 3 FA$j39426$B39426$CSeMilBibl$Z2$F39430 $8I 996 $6245$aLe postille di un anonimo :$bsaggio di osservazioni$9(OLS)http://semarc/title/118308 996 $6260$aMilano :$bCoi tipi di Giuseppe Redaelli$9(OLS)http://semarc/publisher/31296 LEADER 01010nam a2200265 i 4500 001 000000112825 003 CaOOAMICUS 005 20220401112756.0 008 041220s1995 gw u000 u ger u 013 $a85509 020 $a3-451-23762-8 020 $a3-9804422-0-9 040 $aSeMil$bita 110 2 $aDeutsche Bischöfskonferenz.$0(OLS)http://semarc/name/11880 245 10$a2: Leben aus dem Glauben. 300 $a509 p. ;$c22 cm 541 0 $aFondo Card. C.M. Martini 773 0 $aDeutsche Bischöfskonferenz$tKatholischer Erwachsenen-Katechismus.$dKevelaer : Verlage der Verlagsgruppe "engagement", 1985-1995.$g2$w()47685 850 $aSeMil 852 $aSeMil$W1$xVenegono$y1$m2C IV 225$j232215$B240919$CSeMilBibl$Z2$F240919 $81 941 1 $a4 996 $6020$a3-451-23762-8$9(OLS)http://semarc/number/95510 996 $6020$a3-9804422-0-9$9(OLS)http://semarc/number/95511 996 $6245$a2: Leben aus dem Glauben$9(OLS)http://semarc/title/164539